logo

Bir Sreshtho Munshi Abdur Rouf Library
Jhenaidah Cadet College

Australia 1964 : (Record no. 14050)

MARC details
000 -LEADER
fixed length control field 00616nam a2200229 a 4500
001 - CONTROL NUMBER
JCCL Control Number 14050
003 - CONTROL NUMBER IDENTIFIER
JCCL marc code BD - JhCC
005 - DATE AND TIME OF LATEST TRANSACTION
control field 20240526112655.0
008 - FIXED-LENGTH DATA ELEMENTS--GENERAL INFORMATION
fixed length control field 180925s1964 enka 000 0 eng d
035 ## - SYSTEM CONTROL NUMBER
system control number (BD-JhCC)14050
040 ## - CATALOGING SOURCE
Original cataloging agency BD-JhCC
Modifying agency BD-JhCC
041 ## - LANGUAGE CODE
Language code of Book eng
050 #0 - LIBRARY OF CONGRESS CALL NUMBER
Classification number HN385.5
082 ## - DEWEY DECIMAL CLASSIFICATION NUMBER
Classification number 941.0857
DDC Edition number 19
Author mark and Year AUS 1964
245 10 - TITLE STATEMENT
Title Australia 1964 :
Remainder of title official handbook /
260 ## - PUBLICATION, DISTRIBUTION, ETC. (IMPRINT)
Place of publication, distribution, etc Sydney :
Name of publisher, distributor, etc Australia;
Date of publication, distribution, etc 1964.
300 ## - PHYSICAL DESCRIPTION
Pagination 316 p. :
Other physical details ill. ;
Dimensions 21 cm
651 #0 - SUBJECT ADDED ENTRY--GEOGRAPHIC NAME
Geographic name Australia
General subdivision Social conditions
710 ## - ADDED ENTRY--CORPORATE NAME
Corporate name or jurisdiction name as entry element Central Office of Information
830 #0 - SERIES ADDED ENTRY--UNIFORM TITLE
Uniform title Living through history
942 ## - ADDED ENTRY ELEMENTS (KOHA)
Source of classification or shelving scheme Dewey Decimal Classification
Koha item type Books
Holdings
Source of classification or shelving scheme Damaged status Not for loan Home library Current library Shelving location Date of accession Total Checkouts Full call number Barcode Date last seen Copy number Method of acquisition Koha item type Currency
Dewey Decimal Classification     JCC Rouf Library JCC Rouf Library General Stacks     941.0857 AUS 1964 11043 05/26/2024 C-1 Purchase Books BDT

JCC Library | Contacts | JCC Home

Last Update on 23 September 2017
Copyright @ 2017-2020 JCC Rouf Library
Rouf Library, Jhenidah Cadet College (JCC), Bangladesh